[Event "Santa Eugenia op 9th"]
[Site "Santa Eugenia"]
[Date "2014.05.02"]
[Round "2"]
[White "Alejo Alvarez, Ricardo"]
[Black "Miguel Bauer, Alex"]
[Result "1-0"]
[WhiteElo "2141"]
[BlackElo "1876"]
[PlyCount "62"]
[EventDate "2014.04.25"]
[EventType "swiss"]
[EventRounds "9"]
[EventCountry "ESP"]
[SourceTitle "EXT 2015"]
[Source "ChessBase"]
[SourceDate "2014.11.20"]
[SourceVersion "1"]
[SourceVersionDate "2014.11.20"]
[SourceQuality "1"]

1. Nf3 d5 2. c4 e6 3. g3 Nc6 4. Bg2 Nf6 5. 0-0 Be7 6. b3 d4 7. d3 e5 8. Nbd2 Bg4 9. a3 a5 10. h3 Bf5 11. Nh4 Be6 12. Nhf3 Qd7 13. Kh2 h6 14. Ng1 0-0 15. Ne4 Nxe4 16. dxe4 f5 17. exf5 Bxf5 18. e4 Be6 19. f4 exf4 20. gxf4 a4 21. f5 Bf7 22. Bf4 axb3 23. Qxb3 Na5 24. Qg3 Bxc4 25. Bxh6 Bd6 26. Bf4 Bxf1 27. Rxf1 Rae8 28. e5 Be7 29. Be4 Rxf5 30. Qg6 Rff8 31. Bh6 Bg5 1-0